[Event "Titled Tuesday intern op 13th Oct"]
[Site "Chess.com INT"]
[Date "2020.10.13"]
[Round "6"]
[White "David, Alexandru Vasile"]
[Black "Hindermann, Felix"]
[Result "1-0"]
[WhiteElo "2428"]
[BlackElo "2293"]
[PlyCount "83"]
[EventDate "2020.10.13"]
[EventType "swiss (blitz)"]
[EventRounds "10"]
[EventCountry "USA"]
[SourceTitle "CBM 198 Extra"]
[Source "ChessBase"]
[SourceDate "2020.11.30"]
[SourceVersion "1"]
[SourceVersionDate "2020.11.30"]
[SourceQuality "1"]

1. d4 e6 2. c4 b6 3. e4 Bb7 4. Bd3 f5 5. exf5 Bxg2 6. Qh5+ g6 7. fxg6 Bg7 8. gxh7+ Kf8 9. Bg5 Nf6 10. Qh4 Bxh1 11. Ne2 c5 12. Nf4 Nc6 13. Nc3 Nxd4 14. Ng6+ Kf7 15. Nxh8+ Qxh8 16. 0-0-0 Bf3 17. Rg1 Nf5 18. Qf4 Bc6 19. Bxf5 exf5 20. Bxf6 Bxf6 21. Qxf5 Re8 22. Nd5 Re6 23. Rg8 Bxd5 24. Rxh8 Be4 25. Qh5+ Bg6 26. Rf8+ Kxf8 27. Qxg6 Bxb2+ 28. Kxb2 Rxg6 29. h8Q+ Kf7 30. Qh7+ Rg7 31. Qf5+ Ke7 32. h4 Rf7 33. Qe5+ Kf8 34. f4 Re7 35. Qf6+ Rf7 36. Qh8+ Ke7 37. h5 d6 38. h6 Rxf4 39. h7 Rf2+ 40. Kc1 Rh2 41. Qg7+ Ke6 42. h8Q 1-0

[Event "Titled Tuesday intern op 13th Oct"]
[Site "Chess.com INT"]
[Date "2020.10.13"]
[Round "5"]
[White "Hindermann, Felix"]
[Black "Ajay, Karthikeyan"]
[Result "0-1"]
[WhiteElo "2293"]
[BlackElo "2315"]
[PlyCount "148"]
[EventDate "2020.10.13"]
[EventType "swiss (blitz)"]
[EventRounds "10"]
[EventCountry "USA"]
[SourceTitle "CBM 198 Extra"]
[Source "ChessBase"]
[SourceDate "2020.11.30"]
[SourceVersion "1"]
[SourceVersionDate "2020.11.30"]
[SourceQuality "1"]

1. e4 c5 2. c3 d5 3. exd5 Qxd5 4. d4 g6 5. Nf3 Nc6 6. dxc5 Qxd1+ 7. Kxd1 e5 8. b4 Bg4 9. Nbd2 0-0-0 10. Kc2 Bf5+ 11. Kb2 e4 12. Nh4 Bg7 13. Nxf5 gxf5 14. a3 Nf6 15. Bc4 Ne5 16. f4 Rxd2+ 17. Bxd2 Nxc4+ 18. Kc2 Nd5 19. Rad1 Nxa3+ 20. Kb3 Nb5 21. Rc1 Rd8 22. g3 h5 23. Rhe1 a6 24. h3 Ndxc3 25. Bxc3 Rd3 26. Red1 Rxg3 27. Rg1 Rxg1 28. Rxg1 Bxc3 29. Rg5 e3 30. Rg2 e2 31. Rxe2 Nd4+ 32. Kxc3 Nxe2+ 33. Kc4 Nxf4 34. Kd4 Nxh3 35. Ke5 f4 36. Ke4 f5+ 37. Kf3 h4 38. c6 bxc6 39. Kg2 Ng5 40. Kf2 f3 41. b5 axb5 42. Ke3 h3 43. Kf4 f2 44. Kg3 h2 45. Kh4 h1Q+ 46. Kg3 Ne4+ 47. Kf4 f1Q+ 48. Ke5 Kc7 49. Ke6 b4 50. Kf7 Qh6 51. Ke8 Kd6 52. Kf7 c5 53. Ke8 c4 54. Kf7 b3 55. Ke8 c3 56. Kf7 b2 57. Ke8 c2 58. Kf7 Qa6 59. Ke8 c1Q 60. Kf7 b1Q 61. Ke8 f4 62. Kf7 f3 63. Ke8 Qcg5 64. Kf7 Qgg7+ 65. Ke8 f2 66. Kd8 f1Q 67. Ke8 Nc5 68. Kd8 Qff6+ 69. Ke8 Qe5+ 70. Kd8 Qaa7 71. Kc8 Qaf7 72. Kd8 Qhg6 73. Kc8 Qbb7+ 74. Kd8 Qef6# 0-1

[Event "Titled Tuesday intern op 22nd Sept"]
[Site "Chess.com INT"]
[Date "2020.09.22"]
[Round "2"]
[White "Pultinevicius, Paulius"]
[Black "Hindermann, Felix"]
[Result "1-0"]
[WhiteElo "2510"]
[BlackElo "2293"]
[PlyCount "123"]
[EventDate "2020.09.22"]
[EventType "swiss (blitz)"]
[EventRounds "10"]
[EventCountry "USA"]
[SourceTitle "CBM 198 Extra"]
[Source "ChessBase"]
[SourceDate "2020.11.30"]
[SourceVersion "1"]
[SourceVersionDate "2020.11.30"]
[SourceQuality "1"]

1. d4 e6 2. c4 b6 3. Nf3 Bb7 4. g3 f5 5. Bg2 Nf6 6. 0-0 g6 7. Nc3 Bg7 8. d5 0-0 9. Nd4 Re8 10. Ndb5 Na6 11. d6 Bxg2 12. dxc7 Nxc7 13. Kxg2 Nxb5 14. Nxb5 Qc8 15. Nd6 Qc6+ 16. f3 Red8 17. Bg5 h6 18. Bxf6 Bxf6 19. Qd2 g5 20. Rad1 Be5 21. b3 Bxd6 22. Qxd6 Qxd6 23. Rxd6 Kf7 24. Rfd1 Ke7 25. e4 fxe4 26. fxe4 Rac8 27. Kf3 Rf8+ 28. Kg4 Rc7 29. Kh5 Rf2 30. R6d2 Rf6 31. e5 Rf5 32. Re2 Rc5 33. Rde1 Kf7 34. Kxh6 g4 35. Rd1 Ke7 36. Red2 Rc7 37. Rd4 Rxe5 38. Rxg4 Rf5 39. Rg7+ Kf6 40. Rdxd7 Rxd7 41. Rxd7 Rf2 42. h4 Rxa2 43. g4 Rh2 44. g5+ Kf5 45. h5 e5 46. g6 Kg4 47. g7 Rxh5+ 48. Kg6 Rg5+ 49. Kf7 e4 50. Rd5 Rxg7+ 51. Kxg7 e3 52. Re5 Kf3 53. b4 e2 54. c5 bxc5 55. bxc5 Kf2 56. c6 e1Q 57. Rxe1 Kxe1 58. c7 a5 59. c8Q a4 60. Qa6 a3 61. Qxa3 Kd2 62. Qb3 1-0

[Event "Titled Tuesday intern op 01st Sept"]
[Site "Chess.com INT"]
[Date "2020.09.01"]
[Round "8"]
[White "Hindermann, Felix"]
[Black "Skliarov, Viktor"]
[Result "0-1"]
[WhiteElo "2293"]
[BlackElo "2376"]
[PlyCount "66"]
[EventDate "2020.09.01"]
[EventType "swiss (blitz)"]
[EventRounds "10"]
[EventCountry "USA"]
[SourceTitle "CBM 198 Extra"]
[Source "ChessBase"]
[SourceDate "2020.11.30"]
[SourceVersion "1"]
[SourceVersionDate "2020.11.30"]
[SourceQuality "1"]

1. e4 c5 2. c3 d6 3. d4 Nf6 4. dxc5 Nc6 5. Nd2 dxc5 6. Bb5 Bd7 7. Ngf3 Qc7 8. 0-0 a6 9. Ba4 b5 10. Bc2 e6 11. Re1 Bd6 12. a4 0-0 13. Qe2 Ng4 14. h3 Nge5 15. axb5 axb5 16. Rxa8 Rxa8 17. Qxb5 Nd4 18. Nxd4 Bxb5 19. Nxb5 Qc6 20. c4 Be7 21. Nc3 Qd7 22. Nb3 Nxc4 23. Rd1 Qb7 24. e5 Rd8 25. Re1 h6 26. Ne4 Qb4 27. Nc3 Na3 28. Re4 Nxc2 29. Rxb4 cxb4 30. Ne4 Rd1+ 31. Kh2 Nd4 32. Nxd4 Rxd4 33. b3 Rxe4 0-1

[Event "Titled Tuesday intern op 01st Sept"]
[Site "Chess.com INT"]
[Date "2020.09.01"]
[Round "5"]
[White "Hindermann, Felix"]
[Black "Turincio Garcia, Sergio"]
[Result "1-0"]
[WhiteElo "2293"]
[BlackElo "2155"]
[PlyCount "73"]
[EventDate "2020.09.01"]
[EventType "swiss (blitz)"]
[EventRounds "10"]
[EventCountry "USA"]
[SourceTitle "CBM 198 Extra"]
[Source "ChessBase"]
[SourceDate "2020.11.30"]
[SourceVersion "1"]
[SourceVersionDate "2020.11.30"]
[SourceQuality "1"]

1. e4 c6 2. d4 d5 3. e5 Bf5 4. Nf3 e6 5. Be2 Ne7 6. a3 c5 7. dxc5 Nec6 8. b4 Nd7 9. Bb2 Qc7 10. Bb5 Bg4 11. Nbd2 0-0-0 12. Bxc6 Qxc6 13. h3 Bh5 14. Nb3 Qa6 15. Qe2 Qxe2+ 16. Kxe2 f6 17. exf6 gxf6 18. g4 Bg6 19. Rac1 e5 20. Nh4 Bf7 21. Nf5 d4 22. Nd2 h5 23. f3 hxg4 24. hxg4 Rxh1 25. Rxh1 Be6 26. Ne4 Bxf5 27. gxf5 b6 28. c6 Nb8 29. b5 a6 30. a4 Be7 31. Rh7 Re8 32. Kd3 axb5 33. axb5 Kd8 34. Bc1 Kc8 35. Bd2 Kd8 36. Be1 Kc8 37. Bh4 1-0